00646nam a2200193 a 450000100060000000300090000600800410001504000280005608200160008424500240010026000320012430000090015649000160016550000610018165000300024294200120027299900170028495201510030111350CO-ViMGA141112s2004 ck r 000 u spa d aCO-ViMGAbspacCO-ViMGA04a863.3 L19a110aLazarillo de Tormes aBarcelona : bNorma, c1994 a86 p aCara y cruz aEcuadernado con A propósito del Lazarillo de Tormes. 14aCUENTOS ESPAÑOLES95885 2ddccBK c22552d22552 01102ddc44708003aMEVIECARbMEVIECARd2015-12-04hVolumen. 1 | 11/jun/2009l0o863.3 L19a1 p11350r2015-12-04 00:00:00tEj. 1w2015-12-04yBK